Flags of South Asia - Statistics

General Stats
  • This quiz has been taken 571 times
  • The average score is 7 of 8
Answer Stats
Picture Answer % Correct
India
100%
Pakistan
98%
Nepal
97%
Bangladesh
93%
Sri Lanka
93%
Bhutan
92%
Afghanistan
91%
Maldives
87%
No matching quizzes found
Score Distribution
Percent of People with Each Score
Percentile by Number Answered
Your Score History
You have not taken this quiz